Online
Catalog

Epidemiología del trabajo doméstico: (Record no. 52147)

MARC details
000 -CABECERA
campo de control de longitud fija 01304nam a2200301 a 4500
003 - IDENTIFICADOR DEL NÚMERO DE CONTROL
campo de control DO-SdBNP
005 - FECHA Y HORA DE LA ÚLTIMA TRANSACCIÓN
campo de control 20221006155424.0
008 - DATOS DE LONGITUD FIJA--INFORMACIÓN GENERAL
campo de control de longitud fija 220705e2021 dr ad||fr|||| 001 0 spa d
020 ## - NÚMERO INTERNACIONAL ESTÁNDAR DEL LIBRO
Número Internacional Estándar del Libro 9789945509106
040 ## - FUENTE DE LA CATALOGACIÓN
Centro catalogador/agencia de origen DO-SdBNP
Lengua de catalogación spa
Centro/agencia transcriptor BNPHU
082 #4 - NÚMERO DE LA CLASIFICACIÓN DECIMAL DEWEY
Número de edición 22
Número de documento/Ítem E641t
245 10 - MENCIÓN DE TÍTULO
Título Epidemiología del trabajo doméstico:
Resto del título el proceso de vivir, trabajar, enfermar y morir de las trabajadoras del hogar en la República Dominicana. /
260 ## - PUBLICACIÓN, DISTRIBUCIÓN, ETC.
Lugar de publicación, distribución, etc. Santo Domingo :
Nombre del editor, distribuidor, etc. Fundación Friedrich Ebert,
Fecha de publicación, distribución, etc. 2021
300 ## - DESCRIPCIÓN FÍSICA
Extensión 194 p. :
Otras características físicas il., gráf.
Dimensiones 28 cm
500 ## - NOTA GENERAL
Nota general Glosario de términos.--
504 ## - NOTA DE BIBLIOGRAFÍA, ETC.
Nota de bibliografía, etc. Bibliografía: p. 179- 194
505 0# - NOTA DE CONTENIDO CON FORMATO
Nota de contenido con formato Glosario.
Título 1. Introducción.--
-- 2. Marco Teórico.-
-- Diseño del Estudio.--
-- Diseño Material y Métodos.--
-- Resultados.--
-- Discusión.--
-- Bibliografía.
590 ## - NOTA LOCAL (RLIN)
Nota local Inventarido 2022 / MF
650 #4 - PUNTO DE ACCESO ADICIONAL DE MATERIA--TÉRMINO DE MATERIA
9 (RLIN) 2064
Término de materia o nombre geográfico como elemento de entrada Trabajo de la Mujer
650 #4 - PUNTO DE ACCESO ADICIONAL DE MATERIA--TÉRMINO DE MATERIA
9 (RLIN) 36965
Término de materia o nombre geográfico como elemento de entrada Servicio Doméstico
Subdivisión general Condiciones Económicas
Subdivisión geográfica República Dominicana
650 #4 - PUNTO DE ACCESO ADICIONAL DE MATERIA--TÉRMINO DE MATERIA
9 (RLIN) 12479
Término de materia o nombre geográfico como elemento de entrada Empleadas Doméstica
Subdivisión general Condiciones de salud
Subdivisión de forma República Dominicana
700 1# - PUNTO DE ACCESO ADICIONAL--NOMBRE DE PERSONA
Nombre de persona Basilé, Gonzalo
Término indicativo de función/relación Coord.
9 (RLIN) 81946
700 1# - PUNTO DE ACCESO ADICIONAL--NOMBRE DE PERSONA
Nombre de persona López, María Fernanda
Término indicativo de función/relación coord.
9 (RLIN) 81947
710 2# - PUNTO DE ACCESO ADICIONAL--NOMBRE DE ENTIDAD CORPORATIVA
9 (RLIN) 13286
Nombre de entidad corporativa o nombre de jurisdicción como elemento de entrada Fundación Friedrich Ebert
710 2# - PUNTO DE ACCESO ADICIONAL--NOMBRE DE ENTIDAD CORPORATIVA
9 (RLIN) 7407
Nombre de entidad corporativa o nombre de jurisdicción como elemento de entrada Programa Salud Internacional FLACSO
910 ## - DATOS DE OPCIÓN DEL USUARIO (OCLC)
Datos de opción del usuario MFeliz
942 ## - ELEMENTOS DE PUNTO DE ACCESO ADICIONAL (KOHA)
Fuente del sistema de clasificación o colocación Dewey Decimal Classification
Tipo de ítem Koha Libro
Holdings
Estado de retiro Estado de pérdida Fuente del sistema de clasificación o colocación Restricciones de uso No para préstamo Código de colección Localización permanente Ubicación/localización actual Ubicación en estantería Fecha de adquisición Fuente de adquisición Signatura topográfica completa Código de barras Fecha visto por última vez Precio válido a partir de Tipo de ítem Koha Número de copia Total de préstamos
    Dewey Decimal Classification Excluido de préstamo   Patrimonio Dominicano Biblioteca Nacional Pedro Henríquez Ureña Biblioteca Nacional Pedro Henríquez Ureña En catalogación 05.07.2022 Depósito legal / Editora Búho E641t 2022-3334 05.07.2022 05.07.2022 Libro    
    Dewey Decimal Classification Excluido de préstamo   Patrimonio Dominicano Biblioteca Nacional Pedro Henríquez Ureña Biblioteca Nacional Pedro Henríquez Ureña En catalogación 06.05.2022 Depósito legal / Editora Búho E641t 2022-3342 06.07.2022 06.07.2022 Libro e.2  
    Dewey Decimal Classification Préstamo en sala   Dominicana de Servicio Biblioteca Nacional Pedro Henríquez Ureña Biblioteca Nacional Pedro Henríquez Ureña En catalogación 29.04.2022 Depósito legal / Editora Búho E641t 2022-4194 04.10.2022 04.10.2022 Libro e.3  
    Dewey Decimal Classification Préstamo en sala   Dominicana de Servicio Biblioteca Nacional Pedro Henríquez Ureña Biblioteca Nacional Pedro Henríquez Ureña En catalogación 29.04.2022 Donado por Editora Búho E641t 2022-4195 04.10.2022 04.10.2022 Libro e.4  
    Dewey Decimal Classification Préstamo en sala   Dominicana de Servicio Biblioteca Nacional Pedro Henríquez Ureña Biblioteca Nacional Pedro Henríquez Ureña En catalogación 29.04.2022 Donado por Editora Búho E641t 2022-4196 04.10.2022 04.10.2022 Libro e.5  

Powered by Koha